000 00812nam a2200229 i 4500
001 104953
003 ES-MaACL
005 20251011063121.0
007 t|
008 060531s1963 fr ||||1| fre d
080 _a821.133.1-2"14/15"
100 0 _aMargarita,
_cReina consorte de Enrique II, Rey de Navarra
_976620
245 1 0 _aThéatre profane /
_cMarguerite de Navarre ; première publication collective par V. L. Saulnier.
260 _aGenève :
_bDroz ;
_aParis :
_bMinard,
_c1963.
300 _aXXV, 356 p. ;
_c19 cm.
490 1 _aTextes littéraires français
500 _aBiblioteca Jacinto Martínez Lacalle.
700 1 _aSaulnier, Verdun L.
_9103973
830 0 _aTextes littéraires français
_9185627
852 _aES-MaACL
_jE-11293
_bR.138937
999 _c104953
_d104953